Projekt ADR - Úvodná konferencia národného projektu k civilnej mediácii a restoratívnej justícii
Informácia o konferencii, ktorej cieľom bolo predstaviť samotný projekt. Ciele projektu je zvýšiť využívanie mediácie v kontexte restoratívnej justície a zároveň širšie využívať mediáciu v sporoch.
Enregistré dans:
| Auteur principal: | |
|---|---|
| Autres auteurs: | |
| Format: | Chapitre de livre |
| Langue: | slovaque |
| Sujets: | |
| Tags: |
Pas de tags, Soyez le premier à ajouter un tag!
|
MARC
| LEADER | 00000naa a2200000 4500 | ||
|---|---|---|---|
| 001 | 0279088 | ||
| 005 | 20211130104402.3 | ||
| 041 | 0 | |a slo | |
| 044 | |a SK | ||
| 245 | 1 | 0 | |a Projekt ADR - Úvodná konferencia národného projektu k civilnej mediácii a restoratívnej justícii |c Beata Swanová, Dagmar Tragalová |
| 520 | |a Informácia o konferencii, ktorej cieľom bolo predstaviť samotný projekt. Ciele projektu je zvýšiť využívanie mediácie v kontexte restoratívnej justície a zároveň širšie využívať mediáciu v sporoch. | ||
| 610 | 2 | 0 | |a mediácia |
| 610 | 2 | 0 | |a projekty |
| 610 | 2 | 0 | |a konferencie |
| 610 | 2 | 0 | |a spory súdne |
| 100 | 1 | |a Swanová, Beata | |
| 700 | 1 | |a Tragalová, Dagmar | |